000 01149nam a2200277 i 4500
001 5381
003 ES-MaACL
005 20250811084917.0
007 t|
008 880609s1986 sp ||||0| spa d
020 _a84-505-5052-1
080 _a7.031(463.3)
080 _a571.7(119.1:463.3)
245 0 0 _aEstudio de arte paleolitico /
_cCentro de Investigacion y Museo de Altamira.
250 _a1a.ed.
260 _aMadrid :
_bMinisterio de Cultura, Direccion General de Bellas Artes y Archivos, Subdireccion General de Arqueologia y Etnografia,
_c1986.
300 _a270 p. :
_bil. ;
_c31 cm.
490 1 _aMonografías del Centro de Investigación y Museo de Altamira ;
_v15
650 1 4 _aArte prehistórico-
_zCantabria (Comunidad Autónoma)
_910272
650 4 _aArte prehistórico-
_zAsturias (Comunidad Autónoma)
_910271
710 1 _aEspaña.
_bSubdirección General de Arqueología y Etnografía.
_93710
710 2 _aMuseo y Centro de Investigación de Altamira
_95930
830 0 0 _aMonografías (Centro de Investigación y Museo de Altamira)
_v15
_9241422
852 _aES-MaACL
_jL-12166
999 _c5381
_d5381